[Event "OP-2014-0-03253"]
[Site "LSS email"]
[Date "2014.01.23"]
[Round "?"]
[White "Vontina, Maria"]
[Black "Sheremetjev, Mikhail"]
[Result "1-0"]
[WhiteElo "754"]
[BlackElo "1171"]
[PlyCount "25"]
[EventDate "2014.01.20"]
[EventType "tourn (corr)"]
[EventRounds "4"]
[EventCountry "GER"]
[SourceTitle "Corr 2022"]
[Source "ChessBase"]
[SourceDate "2021.10.24"]
[SourceVersion "1"]
[SourceVersionDate "2021.10.24"]
[SourceQuality "1"]

1. e4 e5 2. Nf3 Nc6 3. Bb5 Nge7 4. 0-0 a6 5. Ba4 b5 6. Bb3 h6 7. c3 Ng6 8. d4 Bb7 9. d5 Nce7 10. Nbd2 f5 11. exf5 Nxf5 12. Ne4 Be7 13. Re1 1-0

[Event "RN-2014-0-00756"]
[Site "LSS email"]
[Date "2014.01.22"]
[Round "?"]
[White "Raines, David T"]
[Black "Sheremetjev, Mikhail"]
[Result "1-0"]
[WhiteElo "1042"]
[BlackElo "1171"]
[PlyCount "23"]
[EventDate "2014.01.11"]
[EventType "tourn (corr)"]
[EventRounds "6"]
[EventCountry "GER"]
[SourceTitle "Corr 2022"]
[Source "ChessBase"]
[SourceDate "2021.10.24"]
[SourceVersion "1"]
[SourceVersionDate "2021.10.24"]
[SourceQuality "1"]

1. Nf3 c5 2. g3 e6 3. Bg2 Nf6 4. 0-0 Nc6 5. c4 d5 6. cxd5 Nxd5 7. Nc3 Nf6 8. e3 Ng4 9. h3 Nf6 10. b3 Ne7 11. Bb2 Ng6 12. d4 1-0

[Event "RN-2014-0-00756"]
[Site "LSS email"]
[Date "2014.01.22"]
[Round "?"]
[White "Sheremetjev, Mikhail"]
[Black "Kramskoi, Vasyl"]
[Result "0-1"]
[WhiteElo "766"]
[BlackElo "1124"]
[PlyCount "34"]
[EventDate "2014.01.11"]
[EventType "tourn (corr)"]
[EventRounds "6"]
[EventCountry "GER"]
[SourceTitle "Telechess CBM 167"]
[Source "ChessBase"]
[SourceDate "2015.07.13"]
[SourceVersion "1"]
[SourceVersionDate "2015.07.13"]
[SourceQuality "1"]

1. e4 c5 2. Nf3 e6 3. d4 cxd4 4. Ne5 Qa5+ 5. Nd2 Qxe5 6. Bd3 d5 7. Nf3 Qd6 8. 0-0 dxe4 9. Bxe4 f5 10. Bd3 Bd7 11. g3 Nf6 12. Re1 Be7 13. Ne5 0-0 14. Bf4 Nd5 15. Ng6 Nxf4 16. Nxf4 Bg5 17. Ne2 Nc6 0-1

[Event "ZN-2013-0-02523"]
[Site "LSS email"]
[Date "2013.12.20"]
[Round "?"]
[White "Sheremetjev, Mikhail"]
[Black "Mashchenko, Vladimir"]
[Result "0-1"]
[WhiteElo "802"]
[BlackElo "1274"]
[PlyCount "40"]
[EventDate "2013.12.15"]
[EventType "match (corr)"]
[EventRounds "2"]
[EventCountry "GER"]
[SourceTitle "Telechess CBM 167"]
[Source "ChessBase"]
[SourceDate "2015.07.13"]
[SourceVersion "1"]
[SourceVersionDate "2015.07.13"]
[SourceQuality "1"]

1. e4 e6 2. d4 d5 3. e5 c5 4. Nf3 cxd4 5. Bb5+ Bd7 6. Bxd7+ Nxd7 7. Qxd4 Bc5 8. Qg4 Ne7 9. Qxg7 Rg8 10. Qxh7 Rxg2 11. Be3 Bxe3 12. fxe3 Nf5 13. Rf1 Qb6 14. Nd4 Qxb2 15. Qh8+ Nf8 16. Nb3 Nxe3 17. Qh3 Nxc2+ 18. Kd1 Nxa1 19. Qd3 Nxb3 20. axb3 Rc8 0-1

[Event "OP-2013-0-03168"]
[Site "LSS email"]
[Date "2013.12.11"]
[Round "?"]
[White "Raines, David T"]
[Black "Sheremetjev, Mikhail"]
[Result "0-1"]
[WhiteElo "898"]
[BlackElo "766"]
[PlyCount "38"]
[EventDate "2013.12.08"]
[EventType "tourn (corr)"]
[EventRounds "4"]
[EventCountry "GER"]
[SourceTitle "Telechess CBM 167"]
[Source "ChessBase"]
[SourceDate "2015.07.13"]
[SourceVersion "1"]
[SourceVersionDate "2015.07.13"]
[SourceQuality "1"]

1. Nf3 b6 2. e4 Bb7 3. Nc3 e6 4. d4 Bb4 5. Bd3 Bxc3+ 6. bxc3 Nf6 7. Bg5 h6 8. Bh4 g5 9. Bg3 Bxe4 10. 0-0 d5 11. Ne5 Nfd7 12. Qh5 Nxe5 13. Bxe5 Rh7 14. f3 Bxd3 15. cxd3 Qe7 16. c4 Nd7 17. c5 bxc5 18. Bg3 Nf6 19. f4 Nxh5 0-1

[Event "ZN-2012-0-02144"]
[Site "LSS email"]
[Date "2012.12.20"]
[Round "?"]
[White "Newton, Daryl"]
[Black "Sheremetjev, Mikhail"]
[Result "1-0"]
[WhiteElo "622"]
[BlackElo "837"]
[PlyCount "39"]
[EventDate "2012.12.16"]
[EventType "match (corr)"]
[EventRounds "2"]
[EventCountry "GER"]
[SourceTitle "Telechess CBM 159"]
[Source "ChessBase"]
[SourceDate "2014.03.17"]
[SourceVersion "1"]
[SourceVersionDate "2014.03.17"]
[SourceQuality "1"]

1. e4 e5 2. Bc4 Nf6 3. d3 b6 4. Bg5 h6 5. Bh4 g5 6. Bg3 Nc6 7. c3 Na5 8. Bb5 c6 9. Ba4 d6 10. Nf3 Bg4 11. b4 Bxf3 12. Qxf3 b5 13. Bb3 Nxb3 14. Nd2 Nxa1 15. Qd1 h5 16. h4 g4 17. Qxa1 Bh6 18. d4 Bxd2+ 19. Kxd2 Nxe4+ 20. Ke2 1-0

[Event "ZN-2010-0-01211"]
[Site "LSS email"]
[Date "2010.11.09"]
[Round "?"]
[White "Sheremetjev, Mikhail"]
[Black "Simmons, Ernest"]
[Result "0-1"]
[WhiteElo "879"]
[BlackElo "820"]
[PlyCount "52"]
[EventDate "2010.11.04"]
[EventType "match (corr)"]
[EventRounds "2"]
[EventCountry "GER"]
[SourceTitle "Telechess CBM 143"]
[Source "ChessBase"]
[SourceDate "2011.07.15"]
[SourceVersion "1"]
[SourceVersionDate "2011.07.15"]
[SourceQuality "1"]

1. e4 c5 2. Bc4 e6 3. Nf3 Nc6 4. c3 Be7 5. a3 d6 6. d4 d5 7. exd5 exd5 8. Bd3 c4 9. Bc2 Nf6 10. h3 0-0 11. Be3 Re8 12. 0-0 Qc7 13. Nh2 Bd6 14. Nf3 Ne4 15. Nbd2 Bf5 16. Nxe4 Bxe4 17. Ng5 Bxc2 18. Qxc2 g6 19. g3 Be7 20. h4 Bd6 21. Kg2 Ne7 22. Rh1 Nf5 23. Bd2 h5 24. Rh3 Re2 25. g4 hxg4 26. Rhh1 Ne3+ 0-1

[Event "LSS RN-2010-0-00329"]
[Site "LSS email"]
[Date "2010.10.28"]
[Round "?"]
[White "Sheremetjev, Mikhail"]
[Black "Bokros, Csaba"]
[Result "0-1"]
[WhiteElo "800"]
[BlackElo "969"]
[PlyCount "50"]
[EventDate "2010.10.10"]
[EventType "tourn (corr)"]
[EventRounds "6"]
[EventCountry "GER"]
[SourceTitle "Telechess CBM 143"]
[Source "ChessBase"]
[SourceDate "2011.07.15"]
[SourceVersion "1"]
[SourceVersionDate "2011.07.15"]
[SourceQuality "1"]

1. e4 e5 2. Nf3 Nf6 3. Ng5 d5 4. exd5 Nxd5 5. Nxf7 Kxf7 6. Qh5+ g6 7. Qf3+ Kg7 8. Bc4 Nf6 9. h4 Nc6 10. d3 Nd4 11. Qd1 b5 12. Bb3 h6 13. a4 Nxb3 14. cxb3 Qd5 15. f3 b4 16. g4 Nxg4 17. Rg1 Nh2 18. Nd2 Qd4 19. Rg2 Qxh4+ 20. Ke2 Bc5 21. Qh1 Nxf3 22. Rxg6+ Kxg6 23. Qg2+ Bg4 24. Nxf3 Raf8 25. Kd2 Rxf3 0-1

[Event "LSS RN-2010-0-00329"]
[Site "LSS email"]
[Date "2010.10.28"]
[Round "?"]
[White "Trebichalsky, Rastislav"]
[Black "Sheremetjev, Mikhail"]
[Result "0-1"]
[WhiteElo "557"]
[BlackElo "885"]
[PlyCount "88"]
[EventDate "2010.10.10"]
[EventType "tourn (corr)"]
[EventRounds "6"]
[EventCountry "GER"]
[SourceTitle "Telechess CBM 143"]
[Source "ChessBase"]
[SourceDate "2011.07.15"]
[SourceVersion "1"]
[SourceVersionDate "2011.07.15"]
[SourceQuality "1"]

1. e4 c5 2. Nf3 a6 3. d4 Nc6 4. dxc5 e6 5. Be3 Qa5+ 6. c3 Bxc5 7. Qd2 Qb6 8. b4 Bxe3 9. Qxe3 Qc7 10. Bd3 Nge7 11. 0-0 Ne5 12. Nxe5 d6 13. Nxf7 Kxf7 14. Qf3+ Ke8 15. c4 b6 16. e5 dxe5 17. Qxa8 Rf8 18. Qe4 g6 19. f3 Bb7 20. Qg4 Qd6 21. Rd1 Nf5 22. a3 Rf7 23. Qh3 Qd4+ 24. Kf1 Qxa1 25. Rd2 Ke7 26. g4 Ne3+ 27. Kf2 Qd4 28. Bxg6 Nxg4+ 29. Kg2 Ne3+ 30. Kf2 Ng4+ 31. Ke1 Qe3+ 32. Kd1 Bxf3+ 33. Kc1 Rf4 34. Qxh7+ Kf8 35. Qh8+ Ke7 36. Qe8+ Kf6 37. Qf7+ Kg5 38. h4+ Kxh4 39. Qh7+ Kg3 40. Kb2 Nf2 41. Bf7 Rxc4 42. Ka1 Rc1 43. Qg6+ Bg4 44. Bxe6 Qxd2 0-1

[Event "LSS RN-2010-0-00329"]
[Site "LSS email"]
[Date "2010.10.27"]
[Round "?"]
[White "Brough, Carl"]
[Black "Sheremetjev, Mikhail"]
[Result "0-1"]
[WhiteElo "639"]
[BlackElo "924"]
[PlyCount "80"]
[EventDate "2010.10.10"]
[EventType "tourn (corr)"]
[EventRounds "6"]
[EventCountry "GER"]
[SourceTitle "Telechess CBM 143"]
[Source "ChessBase"]
[SourceDate "2011.07.15"]
[SourceVersion "1"]
[SourceVersionDate "2011.07.15"]
[SourceQuality "1"]

1. d4 e6 2. c4 h6 3. e4 Bb4+ 4. Bd2 Qe7 5. a3 Bxd2+ 6. Qxd2 Nf6 7. e5 Nh7 8. Bd3 Qg5 9. Be4 Qxd2+ 10. Nxd2 Ng5 11. Ne2 Nxe4 12. Nxe4 b6 13. 0-0 Ba6 14. Rac1 Ke7 15. b4 d6 16. Rfd1 Nd7 17. b5 Bb7 18. d5 Nxe5 19. Nf4 a6 20. a4 Ra7 21. Nd3 Rha8 22. Nf4 axb5 23. cxb5 Rxa4 24. Rxc7+ Kd8 25. Rxb7 Ra1 26. Nc3 Rxd1+ 27. Nxd1 Ra1 28. g3 Rxd1+ 29. Kg2 exd5 30. Rxb6 Nc4 31. Ra6 Rb1 32. Ra8+ Kd7 33. Ra7+ Kc8 34. Rxf7 Rxb5 35. Rxg7 d4 36. Rg8+ Kd7 37. Rg7+ Kc6 38. Ne6 Rd5 39. Kf1 d3 40. Ke1 d2+ 0-1